Mexiko a jeho zahraniční politika mění tvář

Historický pohľad na budovanie princípov mexickej zahraničnej politiky. Hlavné zásady mexickej zahraničnej politiky. Súčasné zmeny. Mexiko a Európska únia. Vzťahy Mexika s USA a NAFTA. Mexiko o OSN.

Salvato in:
Dettagli Bibliografici
Autore principale: Hampl, Jaroslav
Natura: Capitolo di libro
Lingua:ceco
Soggetti:
Tags: Aggiungi Tag
Nessun Tag, puoi essere il primo ad aggiungerne!!

MARC

LEADER 00000naa a2200000 4500
001 r042199
005 20230927121106.8
041 0 |a cze 
044 |a CZ 
245 1 0 |a Mexiko a jeho zahraniční politika mění tvář  |c Jaroslav Hampl 
520 |a Historický pohľad na budovanie princípov mexickej zahraničnej politiky. Hlavné zásady mexickej zahraničnej politiky. Súčasné zmeny. Mexiko a Európska únia. Vzťahy Mexika s USA a NAFTA. Mexiko o OSN. 
610 2 0 |a vzťahy hospodárske medzinárodné 
610 2 0 |a politika hospodárska medzinárodná 
610 2 0 |a Mexiko 
610 2 0 |a Európska únia 
610 2 0 |a vývoj spoločenský 
610 2 0 |a OSN 
610 2 0 |a USA 
610 2 0 |a politika zahraničná 
100 1 |a Hampl, Jaroslav